00879nam a2200217 a 450000100100000000500170001000800410002702000150006804000250008310000260010824501300013426000720026430000330033649000340036950400330040350400730043670000270050970000370053671000540057383000340062700004116420201002034654.0130920s1991 sp 000 0 spa d a8400071158 aDO-SdBNPbspacBNPHU1 aPardo Tomás, José13aCiencia y censura :bla inquisición española y los libros científicos en los siglos XVI y XVII /cJosé Pardo Tomás. aMadrid :bConsejo Superior de Investigaciones Científicas,c1991. aXXIV, 390 p :bil. ;c22 cm.1 aEstudios sobre la cienciav13 aBibliografía : p. 385- 390 aIncluye referencias bibliográficas y notas al pie de las páginas1 aMontiel Llorente, Luis1 aLaín Entralgo, Pedro,epról.2 aConsejo Superior de Investigaciones Científicas 0aEstudios sobre la cienciav13